[Event "Camp. Arg. 83 - Semifinal (La Plata)"]
[Site "Calle 46 - No. 581 (La Plata)"]
[Date "2008.07.28"]
[Round "9.2"]
[White "Pierrot, Facundo"]
[Black "Spata, German"]
[Result "1/2-1/2"]
[WhiteElo "2421"]
[BlackElo "2250"]
[PlyCount "100"]
[EventDate "2008.07.21"]

1. e4 e6 2. d4 d5 3. Nd2 dxe4 4. Nxe4 Nd7 5. Nf3 Ngf6 6. Nxf6+ Nxf6 7. Bg5 h6
8. Bh4 Be7 9. Bd3 c5 10. dxc5 Qa5+ 11. c3 Qxc5 12. Qe2 O-O 13. O-O Qh5 14. Bg3
Bd7 15. Ne5 Qxe2 16. Bxe2 Bc6 17. Nxc6 bxc6 18. Bf3 Rfc8 19. Rfd1 a5 20. c4 a4
21. Rab1 g5 22. Be5 Ne8 23. b4 axb3 24. axb3 Bf6 25. Bg3 Bg7 26. Re1 Bc3 27.
Re2 f5 28. Rxe6 f4 29. Bxc6 Rab8 30. Rxh6 fxg3 31. Bxe8 Rxe8 32. hxg3 Kg7 33.
Rd6 Re2 34. Rd5 Ra8 35. Rxg5+ Kf6 36. Rg4 Be1 37. Rf4+ Kg5 38. Rd1 Bd2 39. Rf3
Bb4 40. Rd5+ Kg6 41. g4 Rh8 42. g3 Re1+ 43. Kg2 Reh1 44. Rff5 R8h2+ 45. Kf3 Rf1
46. Rg5+ Kf7 47. Rdf5+ Ke7 48. Rg7+ Ke8 49. Rg8+ Kd7 50. Rg7+ Ke8 1/2-1/2

[Event "Camp. Arg. 83 - Semifinal (La Plata)"]
[Site "Calle 46 - No. 581 (La Plata)"]
[Date "2008.07.28"]
[Round "9.3"]
[White "Fulgenzi, Ernesto"]
[Black "Alonso, Salvador"]
[Result "0-1"]
[WhiteElo "2358"]
[BlackElo "2437"]
[PlyCount "170"]
[EventDate "2008.07.21"]

1. Nf3 Nf6 2. c4 g6 3. b4 Bg7 4. Bb2 O-O 5. e3 d6 6. Be2 e5 7. d3 Re8 8. Qb3 a5
9. a3 e4 10. dxe4 Nxe4 11. Bxg7 Kxg7 12. Ra2 Qf6 13. O-O Nc6 14. Rc2 axb4 15.
axb4 Bf5 16. Rcc1 Ra7 17. Nc3 Nxc3 18. Rxc3 Rea8 19. b5 Ra3 20. Qxa3 Rxa3 21.
Rxa3 Qb2 22. Raa1 Ne5 23. Nd4 Be4 24. Rad1 b6 25. f3 Bb7 26. Rfe1 h5 27. Rb1
Qa3 28. Rb3 Qa5 29. Kf2 Nd7 30. Rbb1 Qa8 31. Ra1 Qd8 32. Kg1 h4 33. Kf2 Nc5 34.
Ra3 Qf6 35. Kg1 Qe7 36. Bf1 Qf6 37. h3 Qg5 38. Ra7 Qe7 39. Nb3 Nxb3 40. Rxb7
Nc5 41. Ra7 Kh6 42. Ra2 f5 43. Rd2 Qf6 44. Rd4 Ne6 45. Rdd1 Qc3 46. Rc1 Qa3 47.
Rc2 Qc5 48. Kf2 f4 49. Rc3 Kg5 50. Kg1 fxe3 51. Kh1 Nd4 52. f4+ Kxf4 53. Rcxe3
Nf5 54. Rf3+ Kg5 55. Bd3 Nd4 56. Rfe3 Qb4 57. g3 Qd2 58. gxh4+ Kh6 59. Be4 Qf2
60. Bg2 Nf5 61. Re8 Nxh4 62. R1e2 Qf6 63. R8e6 Qg5 64. R6e4 Nf5 65. Rg4 Ng3+
66. Rxg3 Qxg3 67. Re4 d5 68. cxd5 Qd3 69. Re6 Qxb5 70. Be4 Kg5 71. Rxg6+ Kf4
72. Rg4+ Ke5 73. Bg2 Qb1+ 74. Kh2 b5 75. h4 b4 76. Rg5+ Kf6 77. Rg4 b3 78. Be4
Qc1 79. h5 b2 80. Rg6+ Kf7 81. Rg4 b1=Q 82. Bxb1 Qxb1 83. h6 Qf5 84. Rh4 Kg8
85. h7+ Kh8 0-1

[Event "Camp. Arg. 83 - Semifinal (La Plata)"]
[Site "Calle 46 - No. 581 (La Plata)"]
[Date "2008.07.28"]
[Round "9.4"]
[White "Claverie, Raul Ricardo"]
[Black "Malbran, Guillermo"]
[Result "0-1"]
[WhiteElo "2378"]
[BlackElo "2241"]
[PlyCount "161"]
[EventDate "2008.07.21"]

1. e4 e5 2. Qe2 Nf6 3. Nf3 Nc6 4. g3 Bc5 5. Bg2 O-O 6. O-O d6 7. h3 Re8 8. d3
h6 9. c3 a6 10. b4 Ba7 11. a3 Be6 12. Nbd2 Qd7 13. Kh2 Nh7 14. Nh4 Qe7 15. Nc4
Rad8 16. Ne3 Bxe3 17. fxe3 g6 18. d4 Nb8 19. c4 Bc8 20. Bb2 Ng5 21. Rad1 Nd7
22. Qf2 Kg7 23. Qc2 Kg8 24. Nf3 Nxf3+ 25. Rxf3 b6 26. Rdf1 Rf8 27. R3f2 Bb7 28.
Qb3 Rb8 29. Rd2 Rfd8 30. Qc3 Re8 31. Rfd1 Nf6 32. d5 Nd7 33. Rf2 Ra8 34. Rdf1
Rf8 35. Bf3 a5 36. Bg4 axb4 37. axb4 Bc8 38. Qc2 h5 39. Bd1 Kg7 40. h4 Bb7 41.
Kg1 f6 42. Rg2 Rh8 43. Qe2 Rh6 44. g4 hxg4 45. Qxg4 Rah8 46. h5 Bc8 47. Kf2 Qf7
48. Qg3 Nf8 49. Ke1 g5 50. Qf2 Qe7 51. Kd2 Bh3 52. Rh1 Bxg2 53. Qxg2 Qe8 54.
Qg4 Qd7 55. Qg2 Qe8 56. Qg4 Qd7 57. Qf3 Ng6 58. Qg3 Ne7 59. Bg4 Qe8 60. Qf3 Qf7
61. Be6 Qe8 62. Bg4 Qf7 63. Ke2 Ra8 64. Ra1 Rxa1 65. Bxa1 Rh8 66. b5 Ra8 67.
Bb2 Qe8 68. Kd3 Ng8 69. Qh3 Nh6 70. Bd7 g4 71. Bxg4 Nxg4 72. Qxg4+ Kh6 73. Qf5
Qf7 74. Bc3 Rg8 75. Bb4 Rg5 76. Qc8 Rxh5 77. Bc3 Qg7 78. Be1 Rh1 79. Qe6 Qg6
80. Bd2 Kg5 81. Qc8 0-1

[Event "Camp. Arg. 83 - Semifinal (La Plata)"]
[Site "Calle 46 - No. 581 (La Plata)"]
[Date "2008.07.28"]
[Round "9.5"]
[White "Quiroga, Facundo"]
[Black "Perelman, Hernan"]
[Result "1-0"]
[WhiteElo "2339"]
[BlackElo "2360"]
[PlyCount "97"]
[EventDate "2008.07.21"]

1. d4 Nf6 2. c4 c5 3. d5 b5 4. cxb5 a6 5. bxa6 g6 6. Nc3 d6 7. e4 Qa5 8. Bd2
Bxa6 9. Bxa6 Qxa6 10. Qe2 Bg7 11. Rc1 O-O 12. Nf3 Nbd7 13. Qxa6 Rxa6 14. b3 Rb8
15. O-O Ng4 16. h3 Nge5 17. Ne1 Nf6 18. f4 Ned7 19. Nd3 Ne8 20. Rc2 Nc7 21. Re1
Kf8 22. Ne2 Nb5 23. Be3 Nf6 24. Nf2 Na3 25. Rd2 Rb4 26. Nd3 Rxe4 27. Ng3 Rxe3
28. Rxe3 Nb1 29. Rc2 Nxd5 30. Rf3 Nbc3 31. Rc1 Nb5 32. Ne2 Nb4 33. Rf2 Na3 34.
Nc3 e6 35. Kh2 d5 36. Ne2 Ra5 37. Ng3 Na6 38. Rd1 Nb5 39. a4 Nd6 40. Ne5 Nb4
41. Rc1 Ne4 42. Nf3 f6 43. Rff1 f5 44. Ne5 Bxe5 45. fxe5 Nd3 46. Nxe4 dxe4 47.
Rc3 Ke7 48. g3 Kd8 49. Ra1 1-0

[Event "Camp. Arg. 83 - Semifinal (La Plata)"]
[Site "Calle 46 - No. 581 (La Plata)"]
[Date "2008.07.28"]
[Round "9.6"]
[White "Meza, Hugo"]
[Black "Needleman, Alejandro"]
[Result "1/2-1/2"]
[WhiteElo "2273"]
[BlackElo "2352"]
[PlyCount "80"]
[EventDate "2008.07.21"]

1. d4 Nf6 2. c4 c5 3. d5 b5 4. cxb5 a6 5. Nc3 axb5 6. e4 Qa5 7. Bd2 b4 8. e5
bxc3 9. Bxc3 Qa4 10. Qxa4 Rxa4 11. exf6 gxf6 12. Bb5 Ra7 13. Ne2 Ba6 14. Bxa6
Rxa6 15. O-O-O d6 16. Kb1 Nd7 17. Rhe1 Nb6 18. Ng3 Kd7 19. Re4 Rg8 20. f4 Rg4
21. b3 f5 22. Re2 Rxf4 23. Bb2 Rh4 24. Nxf5 Rxh2 25. Bg7 Bxg7 26. Nxg7 Ra8 27.
Nf5 Nc8 28. Rde1 e6 29. Ne3 exd5 30. Nxd5 Kc6 31. Nc3 Nb6 32. Rf1 Rg8 33. Rxf7
Rg3 34. Ne4 Rgxg2 35. Rxg2 Rxg2 36. Rxh7 Rg6 37. Kc2 d5 38. Nd2 Nc8 39. Rh2 Nd6
40. Nf3 Re6 1/2-1/2

[Event "Camp. Arg. 83 - Semifinal (La Plata)"]
[Site "Calle 46 - No. 581 (La Plata)"]
[Date "2008.07.28"]
[Round "9.7"]
[White "Duarte, Leonardo"]
[Black "Lohidoy, Bernardo"]
[Result "1-0"]
[WhiteElo "2341"]
[BlackElo "2091"]
[PlyCount "61"]
[EventDate "2008.07.21"]

1. e4 c5 2. Nf3 d6 3. d4 cxd4 4. Nxd4 Nf6 5. Nc3 a6 6. f4 e5 7. Nf3 Nbd7 8. a4
Be7 9. Bd3 O-O 10. O-O b6 11. Nh4 exf4 12. Nf5 Ne5 13. Bxf4 Bxf5 14. exf5 Re8
15. Kh1 Qc7 16. Qe2 Qb7 17. Bxe5 dxe5 18. Be4 Nxe4 19. Nxe4 Rad8 20. f6 Rd4 21.
Rae1 Bxf6 22. Nxf6+ gxf6 23. Rxf6 Rxa4 24. Qh5 Re7 25. Qg5+ Kh8 26. Rxb6 Qxb6
27. Qxe7 Qb8 28. Qxf7 Rf4 29. Qe7 Qxb2 30. h3 Qd4 31. Rb1 1-0

[Event "Camp. Arg. 83 - Semifinal (La Plata)"]
[Site "Calle 46 - No. 581 (La Plata)"]
[Date "2008.??.??"]
[Round "9.9"]
[White "Scarzello, Alejandro"]
[Black "Catelli, Hernan"]
[Result "0-1"]
[WhiteElo "2050"]
[BlackElo "2176"]
[PlyCount "56"]
[EventDate "2008.07.21"]

1. d4 Nf6 2. c4 g6 3. Nc3 Bg7 4. e4 O-O 5. f4 d6 6. Nf3 c5 7. d5 b5 8. cxb5 a6
9. a4 e6 10. dxe6 Bxe6 11. Be2 axb5 12. Bxb5 Qb6 13. O-O Rd8 14. Qe1 Nc6 15.
Ng5 Bb3 16. f5 h6 17. fxg6 fxg6 18. Nd5 Nxd5 19. exd5 Bxd5 20. Nh3 Nd4 21. Nf4
Bf7 22. Qf2 Rf8 23. Be2 g5 24. Nh3 Bd5 25. Qe3 Rfe8 26. Qd3 Nxe2+ 27. Kh1 Qc6
28. Rf2 Nxc1 0-1

[Event "Camp. Arg. 83 - Semifinal (La Plata)"]
[Site "Calle 46 - No. 581 (La Plata)"]
[Date "2008.??.??"]
[Round "9.10"]
[White "Mahia, Gustavo"]
[Black "Virgillito, Cristian"]
[Result "1/2-1/2"]
[WhiteElo "2441"]
[BlackElo "2140"]
[PlyCount "100"]
[EventDate "2008.07.21"]

1. e4 c5 2. Nf3 d6 3. d4 cxd4 4. Nxd4 Nf6 5. Nc3 g6 6. Be3 Bg7 7. f3 Nc6 8. Qd2
O-O 9. Bc4 Bd7 10. O-O-O Qa5 11. Bb3 Rfc8 12. h4 Ne5 13. g4 b5 14. Bh6 Bxh6 15.
Qxh6 Rxc3 16. bxc3 Qxc3 17. Kb1 a5 18. Qd2 Qc5 19. g5 Nh5 20. Bd5 Ra7 21. Nb3
Qa3 22. Qd4 Rc7 23. Qb6 Rxc2 24. Kxc2 Qxa2+ 25. Kc1 Nf4 26. Rd2 Ned3+ 27. Rxd3
Nxd3+ 28. Kd1 Be6 29. Bxe6 fxe6 30. Qxb5 Nf2+ 31. Kc1 Nxh1 32. Qe8+ Kg7 33.
Qxe7+ Kg8 34. Qxe6+ Kg7 35. Qf6+ Kg8 36. Nd4 Qa1+ 37. Kc2 Qa2+ 38. Kc3 Qa3+ 39.
Kc4 Qc5+ 40. Kb3 Qb4+ 41. Kc2 Qc4+ 42. Kd2 Qb4+ 43. Kd3 Qa3+ 44. Kd2 Qb4+ 45.
Kc2 Qc4+ 46. Kb2 Qb4+ 47. Kc1 Qa3+ 48. Kd1 Qa1+ 49. Kd2 Qb2+ 50. Kd3 Qa3+
1/2-1/2

[Event "Camp. Arg. 83 - Semifinal (La Plata)"]
[Site "Calle 46 - No. 581 (La Plata)"]
[Date "2008.??.??"]
[Round "9.11"]
[White "Barrionuevo, Pablo"]
[Black "Pastor, Juan Martin"]
[Result "1-0"]
[WhiteElo "2363"]
[BlackElo "1964"]
[PlyCount "77"]
[EventDate "2008.07.21"]

1. d4 Nc6 2. Nf3 d5 3. Bf4 Bg4 4. e3 e6 5. Nbd2 Nf6 6. c3 Bd6 7. Qb3 Rb8 8. Bd3
Bxf4 9. exf4 Qd6 10. Ne5 O-O 11. Qc2 Bh5 12. O-O Bg6 13. Rfe1 Bxd3 14. Qxd3 Ne7
15. b4 Ng6 16. g3 c6 17. a4 b6 18. Qa6 Qc7 19. a5 Ne7 20. axb6 axb6 21. Qa7 Rb7
22. Qa3 Nd7 23. Nd3 b5 24. Nc5 Nxc5 25. bxc5 Ng6 26. Ra2 Rd8 27. Rea1 h6 28.
Qb4 Kh7 29. Ra6 Rdb8 30. Nb3 Ne7 31. Nc1 Ng6 32. Nb3 Qd7 33. Nc1 Qc7 34. Nd3 f6
35. Qb1 f5 36. Nb4 Ne7 37. Qe1 Qd7 38. Qe5 Rd8 39. Re1 1-0

[Event "Camp. Arg. 83 - Semifinal (La Plata)"]
[Site "Calle 46 - No. 581 (La Plata)"]
[Date "2008.07.28"]
[Round "9.13"]
[White "Sampaoli, Cristian"]
[Black "De Luca, Christian Carlos"]
[Result "1-0"]
[WhiteElo "2201"]
[BlackElo "2125"]
[PlyCount "95"]
[EventDate "2008.07.21"]

1. d4 Nf6 2. c4 c6 3. Nf3 g6 4. Nc3 d5 5. cxd5 cxd5 6. Bf4 a6 7. e3 Bg7 8. Bd3
O-O 9. h3 Nc6 10. Rc1 e6 11. O-O Bd7 12. a3 Qa5 13. Rb1 Rfc8 14. b4 Qd8 15. Qd2
Be8 16. Rfc1 Bf8 17. Bg5 Be7 18. Rc2 Nd7 19. Bf4 Nb6 20. Rbc1 Na7 21. e4 dxe4
22. Nxe4 Rxc2 23. Rxc2 Rc8 24. Rxc8 Qxc8 25. Be5 Nd5 26. Bc2 f6 27. Bg3 Nb5 28.
Bb3 Bf7 29. a4 Nbc3 30. Qc2 Qc6 31. Nc5 b6 32. Ne4 Bxb4 33. Kh2 Ne3 34. Nxf6+
Kg7 35. fxe3 Kxf6 36. Be5+ Ke7 37. Ng5 Bg8 38. Qf2 Nd5 39. e4 Qc1 40. Nxe6 Bxe6
41. exd5 Bf5 42. Qh4+ g5 43. Qh6 Bd2 44. Qf6+ Ke8 45. Qxf5 Be3 46. Qe6+ Kf8 47.
Qd6+ Ke8 48. Qc6+ 1-0

[Event "Camp. Arg. 83 - Semifinal (La Plata)"]
[Site "Calle 46 - No. 581 (La Plata)"]
[Date "2008.??.??"]
[Round "9.15"]
[White "Pacheco, Juan Jose"]
[Black "Giampa, Alejandro"]
[Result "0-1"]
[WhiteElo "2091"]
[BlackElo "2237"]
[PlyCount "64"]
[EventDate "2008.07.21"]

1. e4 c5 2. Nf3 g6 3. c3 Bg7 4. d4 cxd4 5. cxd4 d5 6. exd5 Nf6 7. Bb5+ Nbd7 8.
d6 exd6 9. Qe2+ Qe7 10. Bf4 Qxe2+ 11. Kxe2 Ke7 12. Nc3 Nb6 13. Rhe1 h6 14. Kf1+
Be6 15. Rac1 Rac8 16. h3 a6 17. Bd3 Nbd5 18. Bg3 Kd7 19. a3 b5 20. Ne4 Nxe4 21.
Bxe4 f5 22. Bb1 g5 23. Rcd1 Rhe8 24. Ng1 f4 25. Bh2 Nb6 26. Ne2 Rf8 27. Be4 Bb3
28. Bf3 Bxd1 29. Bg4+ Kd8 30. Rxd1 Rc2 31. f3 Nc4 32. Bg1 Re8 0-1

[Event "Camp. Arg. 83 - Semifinal (La Plata)"]
[Site "Calle 46 - No. 581 (La Plata)"]
[Date "2008.??.??"]
[Round "9.17"]
[White "Tenti, Joaquin"]
[Black "Torres, Maximiliano"]
[Result "1-0"]
[WhiteElo "2145"]
[BlackElo "1950"]
[PlyCount "73"]
[EventDate "2008.07.21"]

1. e4 c5 2. Nf3 d6 3. c3 Nf6 4. Bd3 Nc6 5. Bc2 g6 6. O-O Bg7 7. h3 O-O 8. d4
cxd4 9. cxd4 b6 10. Nc3 Ba6 11. Re1 Nd7 12. Bg5 Qe8 13. Ba4 Rc8 14. Bxc6 Rxc6
15. Nd5 f6 16. Nb4 Rc4 17. Nxa6 fxg5 18. b3 Rc8 19. Nxg5 e6 20. Qd3 h6 21. Nf3
Qf7 22. Rac1 Nf6 23. Rxc8 Rxc8 24. g3 Nh5 25. Kg2 Rf8 26. Qe2 Rc8 27. Qe3 Nf6
28. Nb4 a5 29. Nd3 Qb7 30. Nf4 Kf7 31. e5 Nd5 32. Qe4 Nxf4+ 33. Qxf4+ Kg8 34.
exd6 Rf8 35. Qe4 Qxe4 36. Rxe4 Kf7 37. Ne5+ 1-0

[Event "Camp. Arg. 83 - Semifinal (La Plata)"]
[Site "Calle 46 - No. 581 (La Plata)"]
[Date "2008.07.28"]
[Round "9.20"]
[White "Lanza, Luciano"]
[Black "Rojo Lynch, Enrique"]
[Result "1-0"]
[WhiteElo "2188"]
[BlackElo "1898"]
[PlyCount "62"]
[EventDate "2008.07.21"]

1. e4 c5 2. Nf3 e6 3. d3 Nc6 4. Nbd2 d5 5. g3 Nge7 6. Bg2 g6 7. O-O Bg7 8. Re1
b6 9. h4 h6 10. e5 Qc7 11. Qe2 a5 12. Nf1 Bb7 13. Bf4 g5 14. hxg5 Ng6 15. Bd2
O-O-O 16. a3 Ncxe5 17. Nxe5 Bxe5 18. gxh6 Rdg8 19. Nh2 Bd6 20. Qh5 Nf4 21. gxf4
d4 22. f3 Bxf4 23. Bxf4 Qxf4 24. Qe5 Qxh6 25. Ng4 Bxf3 26. Bxf3 Rxg4+ 27. Bxg4
Qh1+ 28. Kf2 Rh2+ 29. Kg3 Qg2+ 30. Kf4 Qd2+ 31. Re3 Rf2+ 1-0

[Event "Camp. Arg. 83 - Semifinal (La Plata)"]
[Site "Calle 46 - No. 581 (La Plata)"]
[Date "2008.07.28"]
[Round "9.22"]
[White "Cirulli, Diego"]
[Black "Sanchez, Cristian"]
[Result "1-0"]
[WhiteElo "1984"]
[BlackElo "2065"]
[PlyCount "75"]
[EventDate "2008.07.21"]

1. d4 d5 2. Bg5 Nf6 3. Bxf6 exf6 4. e3 Bf5 5. Nd2 Bd6 6. c4 dxc4 7. Bxc4 O-O 8.
Ne2 c5 9. O-O Nc6 10. e4 Bg6 11. dxc5 Bxc5 12. Nf4 Ne5 13. Bd5 Qe7 14. Qb3 Rfd8
15. Rac1 Bb6 16. h4 h6 17. Nc4 Bc7 18. Nxe5 Qxe5 19. Rxc7 Qxc7 20. Nxg6 Kh7 21.
Bxf7 Rd2 22. h5 Rad8 23. Bd5 b6 24. Qb4 Rc2 25. Nf8+ Kh8 26. Ne6 Qd6 27. Qa4
Rdc8 28. Qxa7 Rg8 29. Qf7 Rcc8 30. Nd4 Rgf8 31. Nf5 Qc7 32. Qg6 Rce8 33. g3 b5
34. Kh2 Rd8 35. Rc1 Qa7 36. Kg2 Rd7 37. Nh4 Qa4 38. Qf5 1-0

[Event "Camp. Arg. 83 - Semifinal (La Plata)"]
[Site "Calle 46 - No. 581 (La Plata)"]
[Date "2008.??.??"]
[Round "9.23"]
[White "Sandrone, Mauricio"]
[Black "Palmiotto, Marcos Ivan"]
[Result "1/2-1/2"]
[WhiteElo "2062"]
[BlackElo "1925"]
[PlyCount "27"]
[EventDate "2008.07.21"]

1. e4 c6 2. d4 d5 3. exd5 cxd5 4. c4 Nf6 5. Nc3 e6 6. Nf3 Nc6 7. Bg5 Be7 8. Bd3
dxc4 9. Bxc4 O-O 10. O-O a6 11. Rc1 b5 12. Bd3 Bb7 13. Bb1 Rc8 14. g3 1/2-1/2

[Event "Camp. Arg. 83 - Semifinal (La Plata)"]
[Site "Calle 46 - No. 581 (La Plata)"]
[Date "2008.07.28"]
[Round "9.24"]
[White "Gomez, Ruben Alfredo"]
[Black "Alcobedo, Damian"]
[Result "1/2-1/2"]
[WhiteElo "1834"]
[BlackElo "2123"]
[PlyCount "91"]
[EventDate "2008.07.21"]

1. Nf3 d5 2. c4 e6 3. g3 b6 4. Bg2 Bb7 5. cxd5 exd5 6. d4 Nf6 7. Nc3 h6 8. O-O
a6 9. Ne5 Nbd7 10. Nd3 Be7 11. Re1 O-O 12. a3 Re8 13. b4 Nf8 14. Ne5 Ne6 15. e3
c6 16. Bb2 Nd7 17. Nd3 Bf6 18. Rc1 b5 19. Nc5 Nexc5 20. dxc5 Ne5 21. Ba1 Nc4
22. Qh5 Bc8 23. Red1 Qe7 24. Nxd5 cxd5 25. Bxf6 Qxf6 26. Bxd5 Ne5 27. Bxa8 Bg4
28. Rd6 Qxd6 29. cxd6 Bxh5 30. Bb7 Bg4 31. Bxa6 Bd7 32. Rc7 Rd8 33. Rc5 Nc4 34.
Bxb5 Bxb5 35. Rxb5 Nxa3 36. Rd5 Nc4 37. e4 Rxd6 38. Rxd6 Nxd6 39. e5 Nc4 40. f4
Kf8 41. Kf2 Ke7 42. Kf3 Kd7 43. Ke4 Nd2+ 44. Kd5 Nf1 45. f5 Ne3+ 46. Ke4
1/2-1/2

[Event "Camp. Arg. 83 - Semifinal (La Plata)"]
[Site "Calle 46 - No. 581 (La Plata)"]
[Date "2008.07.28"]
[Round "9.25"]
[White "Lo Presti, Roberto Oscar"]
[Black "Latrecchiana, Cristian"]
[Result "1-0"]
[WhiteElo "2122"]
[BlackElo "1773"]
[PlyCount "133"]
[EventDate "2008.07.21"]

1. e4 e5 2. Nf3 Nf6 3. Nxe5 d6 4. Nxf7 Kxf7 5. d4 Be7 6. Nc3 c6 7. Bd3 Rf8 8.
O-O Kg8 9. h3 Be6 10. f4 b5 11. f5 Bc4 12. Bxc4+ bxc4 13. Qe2 Qb6 14. Qxc4+ Kh8
15. Be3 Nbd7 16. a3 Rac8 17. Qd3 Qc7 18. g4 d5 19. e5 Ne8 20. Bf4 Qd8 21. Qe3
Nb6 22. Rad1 c5 23. Ne2 Nc4 24. Qc1 cxd4 25. Nxd4 Bc5 26. c3 Qb6 27. b4 Bxd4+
28. Rxd4 Nc7 29. a4 Qc6 30. Re1 Qxa4 31. e6 Qc6 32. Be5 Nxe5 33. Rxe5 Qb6 34.
Qe3 Rfe8 35. g5 Nb5 36. Rdxd5 Qxe3+ 37. Rxe3 Nxc3 38. Rd7 Nb5 39. f6 Nc7 40.
Rxc7 Rxc7 41. f7 Rce7 42. fxe8=Q+ Rxe8 43. Kg2 Kg8 44. Kf3 Kf8 45. Kf4 Ke7 46.
Ke5 Rb8 47. Rd3 Rb5+ 48. Rd5 Rxb4 49. Rd7+ Kf8 50. Rf7+ Kg8 51. Rxa7 Kf8 52.
Rf7+ Kg8 53. Rf3 Rb2 54. e7 Re2+ 55. Kd6 Rd2+ 56. Kc7 Rc2+ 57. Kd7 Rd2+ 58. Ke8
g6 59. Rf6 Rd3 60. h4 Kg7 61. Rc6 Kg8 62. Rc7 Rd4 63. Rd7 Ra4 64. Rd6 Ra7 65.
Kd8 Ra8+ 66. Kc7 Ra7+ 67. Kc6 1-0

[Event "Camp. Arg. 83 - Semifinal (La Plata)"]
[Site "Calle 46 - No. 581 (La Plata)"]
[Date "2008.07.28"]
[Round "9.28"]
[White "Barbarito, Damian"]
[Black "Ruiz, Francisco"]
[Result "1/2-1/2"]
[WhiteElo "1751"]
[BlackElo "1921"]
[PlyCount "140"]
[EventDate "2008.07.21"]

1. d4 g6 2. e4 Bg7 3. Nc3 Nc6 4. Nf3 d5 5. e5 Nh6 6. Bg5 Bg4 7. Bb5 Nf5 8. Be3
Nh4 9. Rg1 Bxf3 10. gxf3 Qd7 11. Rg4 Nf5 12. Qd2 h5 13. Rg1 Nh4 14. Rg3 Nf5 15.
Rg1 a6 16. Be2 Na5 17. O-O-O e6 18. Bg5 Nc6 19. Be3 Bf8 20. a3 Rb8 21. Na2 b5
22. b4 a5 23. Kb2 axb4 24. axb4 Na7 25. c3 Nc8 26. Nc1 Nb6 27. Nb3 Nc4+ 28.
Bxc4 bxc4 29. Nc5 Bxc5 30. dxc5 Nxe3 31. fxe3 Qb5 32. Ra1 Qxc5 33. Kc2 Qc6 34.
Qd4 Ra8 35. Kb2 O-O 36. f4 Rxa1 37. Rxa1 Ra8 38. Ra7 Rxa7 39. Qxa7 Qb6 40. Qa8+
Kg7 41. Qd8 Qxe3 42. Qf6+ Kg8 43. Qd8+ Kh7 44. Qf6 Qd2+ 45. Kb1 Qd3+ 46. Kb2
Qf5 47. Qh4 Kg7 48. b5 f6 49. exf6+ Qxf6 50. Qg3 d4 51. cxd4 Qxd4+ 52. Qc3
Qxc3+ 53. Kxc3 Kf6 54. Kxc4 Ke7 55. Kc5 Kd7 56. h4 Kd8 57. Kd4 Kd7 58. Kc5 Ke7
59. Kc4 Kd7 60. Kc5 Kd8 61. Kd4 Kd7 62. Kc5 Kc8 63. Kc4 Kb8 64. Kb4 Ka7 65. Kc4
Kb6 66. Kb4 c6 67. bxc6 Kxc6 68. Kc4 Kd6 69. Kd4 Ke7 70. Ke3 Kf6 1/2-1/2

[Event "Camp. Arg. 83 - Semifinal (La Plata)"]
[Site "Calle 46 - No. 581 (La Plata)"]
[Date "2008.??.??"]
[Round "9.29"]
[White "Lottgering, Enrique"]
[Black "Epelboin, Matias"]
[Result "0-1"]
[WhiteElo "1760"]
[BlackElo "2038"]
[PlyCount "70"]
[EventDate "2008.07.21"]

1. e4 d6 2. Bc4 Nf6 3. Nc3 g6 4. d3 c6 5. a3 d5 6. exd5 cxd5 7. Bb3 d4 8. Ne4
Nxe4 9. dxe4 Bg7 10. Ne2 O-O 11. Nf4 Nd7 12. Nd3 Nf6 13. f3 e5 14. Nxe5 Qa5+
15. Bd2 Qxe5 16. O-O Be6 17. f4 Qxe4 18. Bxe6 fxe6 19. Re1 Qc6 20. Bb4 Rfd8 21.
Qe2 Re8 22. Rad1 Nd5 23. Bd2 Qb6 24. Kh1 Ne3 25. Bxe3 dxe3 26. b4 Bc3 27. Rf1
Bd2 28. c4 Qd4 29. h4 e5 30. g3 Rf8 31. fxe5 Qxe5 32. Rxf8+ Rxf8 33. Rxd2 exd2
34. Qxe5 d1=Q+ 35. Kg2 Qf1+ 0-1

[Event "Camp. Arg. 83 - Semifinal (La Plata)"]
[Site "Calle 46 - No. 581 (La Plata)"]
[Date "2008.??.??"]
[Round "9.30"]
[White "Coronel, Nestor"]
[Black "Roque, Fernando"]
[Result "0-1"]
[WhiteElo "1839"]
[BlackElo "1964"]
[PlyCount "66"]
[EventDate "2008.07.21"]

1. e4 c5 2. Nf3 e6 3. d4 cxd4 4. Nxd4 Qb6 5. Nc3 Bc5 6. Na4 Qa5+ 7. c3 Bxd4 8.
Qxd4 Nf6 9. Bd3 Nc6 10. Qe3 Qxa4 11. O-O d6 12. f4 Qa5 13. Qg3 Rg8 14. Be3 Bd7
15. b4 Qc7 16. a4 Ne7 17. Rfc1 d5 18. e5 Ne4 19. Qf3 Nf5 20. a5 Nxe3 21. Qxe3
g5 22. c4 gxf4 23. Qxf4 Qd8 24. Rf1 Ng5 25. Kh1 Qe7 26. cxd5 exd5 27. Rac1 Rc8
28. Qg3 Kf8 29. Qf4 Qe6 30. Rxc8+ Bxc8 31. Bf5 Qxf5 32. Qxf5 Bxf5 33. Rxf5 Ne6
0-1